CBU Courier. January 1998 No 5 (Record no. 79218)
[ view plain ]
| 000 -LEADER | |
|---|---|
| fixed length control field | 00643nam a2200133 a 4500 |
| 008 - FIXED-LENGTH DATA ELEMENTS--GENERAL INFORMATION | |
| fixed length control field | 220621s1998 ||||||||||||||||| || u |
| 050 ## - LIBRARY OF CONGRESS CALL NUMBER | |
| Classification number | CBU(05)1998/5 |
| 245 00 - TITLE STATEMENT | |
| Title | CBU Courier. January 1998 No 5 |
| Statement of responsibility, etc. | By Copperbelt University (CBU) |
| 260 ## - PUBLICATION, DISTRIBUTION, ETC. | |
| Place of publication, distribution, etc. | Kitwe |
| Name of publisher, distributor, etc. | Copperbelt University |
| Date of publication, distribution, etc. | 1998 |
| 300 ## - PHYSICAL DESCRIPTION | |
| Extent | 4 pages : illustrations |
| 650 ## - SUBJECT ADDED ENTRY--TOPICAL TERM | |
| Topical term or geographic name entry element | COPPERBELT UNIVERSITY--PERIODICALS |
| 995 ## - | |
| -- | SPECIAL COLLECTIONS |
| -- | 4806 |
| -- | CBU-MAIN LIBRARY (Kitwe) |
| -- | CBU(05)1998/5A |
| -- | 1 |
| -- | AVAILABLE |
| -- | Jun 21, 2022 |
| -- | B4806 |
| -- | University Collection |
| 995 ## - | |
| -- | SPECIAL COLLECTIONS |
| -- | 4915 |
| -- | CBU-MAIN LIBRARY (Kitwe) |
| -- | CBU(05)1998/5B |
| -- | 2 |
| -- | AVAILABLE |
| -- | Jul 12, 2022 |
| -- | B4915 |
| -- | University Collection |
| 999 ## - | |
| -- | 79218 |
| -- | 79218 |
No items available.